000 00606nam a2200265Ia 4500
005 20260306164002.0
008 008 260114s9999 xx 000 0 eng d
020 _a9781526123985
037 _aEBOOK
040 _aCRL
040 _beng
040 _cCRL
041 _2eng
041 _aeng
084 _qCRL
100 _aAmatrudo, Rauxloh
_91129761
245 0 _aLaw In Popular Belief
260 _bManchester University Press
260 _c2017
650 _aLaw
856 _uhttps://academic.oup.com/book/35790
942 _cEBOOK
999 _c1712291
_d1712291